000 00819nam a2200253Ia 4500
003 OSt
005 20220927104119.0
006 a|||||r|||| 00| 0
007 ta
008 220926b |||||||| |||| 00| 0 eng d
024 _a72114
037 _cReference Collections
040 _aRTL
_cRTL
_beng
041 _2eng
_aeng
082 _a"XM8,62.1(X).N9, UN/N2"
110 _a"UNITED NATIONS, CENTRE ON TRANSNATIONAL CORPORATIONS"
_9353644
245 0 _aTransnational banks and the external indebtedness of developing countries
260 _aNew
_bYork U N
_c1992
300 _a48p
_ccm.
650 _aMultinational
_9364235
700 _a"UNITED NATIONS, CENTRE ON TRANSNATIONAL CORPORATIONS"
_9353646
942 _h"XM8,62.1(X).N9, UN/N2"
_cCC
999 _c686137
_d686137